00798nam a2200253 a 4500001001300000003000900013005001700022008004100039020002500080082001600105100002000121245007800141260005200219300000900271500003500280505002400315650002300339650002300362700002000385902000800405942000700413952010900420999001500529nice12345678IN_TiNIC20260116012738.0050524s1983 bera grp 000 0 eng  a0520745 c318.500a181.07bKED aKeddie, Nikki R aIslamic Response to Imperialismb Political and Religious Writings of Say aBerkeleybUniversity of California Press c1983 a212p aincludes index and biblioraphy2 aBibliography, Index aPhilosophy-Islamic aIslam and Politics1 aKeddie, Nikki R bSRS cBK 00104070aHMIbHMId2013-09-16g318.50l1o181.07 KEDp014746r2018-02-06s2018-01-29w2026-01-16yEB c8204d8204